00957nam a22003017a 4500003000700000005001700007008004100024020001800065040003300083041000800116050002000124100001800144245010100162260003300263300003500296336002800331337003000359338002700389490002900416504004900445650003000494650001900524650001200543650001400555650003100569700002300600700003200623CBULib20240913090351.0230503b |||||||| |||| 00| 0 eng d a9781138022065 aCBULibcCBULibbEnglisherda aeng aG 1046.E27 Lon  aLonesco, Dina aThe atlas of environmental migrationc/ by Dina Ionesco, Daria Mokhnacheva and Fraçois Gemenne aNew York :bRoutledge,c2017 axv, 152 pages : illustrations  2rdacontentaText |btxt 2rdamediaaUnmediated |bn 2rdacarrieraVolumebnc aEarthscan from Routledge aIncludes bibliographic references and index. 0aHUMAN BEINGS--MIGRATIONS  0aCLIMATE CHANGE 0aATLASES 0aMIGRATION 0aEMIGRATION AND IMMIGRATION1 aMokhnacheva, Daria1 aGemenne, François,d1980-